000 00224nam a2200085Ia 4500
245 0 _aEverything beautiful
100 _a Howell, Simmone London, 2009
_979243
942 _cBK
008 210817s9999 xx 000 0 und d
999 _c275914
_d275912